Podnikateľský proces (vybrané problémy) dizertačná práca

Enregistré dans:
Détails bibliographiques
Auteur principal: Baláž, Peter
Collectivité auteur: Ekonomická univerzita v Bratislave. Obchodná fakulta
Autres auteurs: Strážovská, Helena
Format: Livre
Langue:slovaque
Publié: Bratislava 1996
Sujets:
Tags: Ajouter un tag
Pas de tags, Soyez le premier à ajouter un tag!

MARC

LEADER 00000nam a2200000 4500
001 0198627
005 20230719115804.4
041 0 |a slo 
044 |a SK 
245 1 0 |a Podnikateľský proces (vybrané problémy)  |b dizertačná práca  |c Peter Baláž ; školiteľ: Helena Strážovská 
264 1 |a Bratislava  |c 1996 
300 |a 173 s. 
610 2 0 |a podnikanie 
610 2 0 |a stratégia podnikateľská 
610 2 0 |a rozvoj podniku 
100 1 |a Baláž, Peter 
700 1 |a Strážovská, Helena 
710 2 |a Ekonomická univerzita v Bratislave. Obchodná fakulta